000 00347nam a2200133Ia 4500
005 20260326100033.0
008 260326s9999||||xx |||||||||||||| ||und||
100 _aCirlot, Juan Eduardo
245 0 _aDiccionario Universal de Arquitectos /
_cJuan Eduardo Cirlot
260 _bGustavo Gili
300 _a323 p.
650 _aARQUITECTOS
942 _cBK
999 _c6693
_d6693